La muerte de Virgilio / (Record no. 11165)

MARC details
000 -LEADER
campo de control de longitud fija 00923nam a2200277 i 4500
001 - NÚMERO DE CONTROL
campo de control 11165
003 - IDENTIFICADOR DE NÚMERO DE CONTROL
campo de control ES-MaACL
005 - FECHA Y HORA DE LA ÚLTIMA TRANSACCIÓN
campo de control 20250930063032.0
008 - DATOS DE LONGITUD FIJA--INFORMACIÓN GENERAL
campo de control de longitud fija 871030r19951979sp ||||0| spa j ..|
015 ## - NÚMERO DE BIBLIOGRAFÍA NACIONAL
Número de bibliografía nacional 1988-ENE-1988-DIC-17028
016 7# - NÚMERO DE CONTROL DE UNA AGENCIA BIBLIOGRÁFICA NACIONAL
Número de control cancelado/no válido SAB9000004100
020 ## - NÚMERO INTERNACIONAL ESTÁNDAR DEL LIBRO
Número Internacional Estándar del Libro 84-206-3055-1
040 ## - FUENTE DE CATALOGACIÓN
Centro catalogador/agencia de origen M-BN-DP
Lengua de catalogación spa
Centro/agencia transcriptor M-BN-DP
080 ## - NÚMERO DE LA CLASIFICACIÓN DECIMAL UNIVERSAL
Número de la Clasificación Decimal Universal 821.112.2(436)-31"19"
100 1# - ENTRADA PRINCIPAL--NOMBRE DE PERSONA
Nombre de persona Broch, Hermann,
Fechas asociadas al nombre 1886-1951
9 (RLIN) 31828
245 13 - MENCIÓN DEL TÍTULO
Título La muerte de Virgilio /
Mención de responsabilidad, etc. Hermann Broch ; [versión de J.M. Ripalda sobre traducción de A. Gregori].
250 ## - MENCION DE EDICION
Mención de edición [1ª ed. en Alianza Tres, 7ª reimp.].
260 ## - PUBLICACIÓN, DISTRIBUCIÓN, ETC.
Lugar de publicación, distribución, etc. Madrid :
Nombre del editor, distribuidor, etc. Alianza Editorial,
Fecha de publicación, distribución, etc. 1979 (
Fecha de fabricación/manufactura 1995 imp)
300 ## - DESCRIPCIÓN FÍSICA
Extensión 489 p ;
Dimensiones 20 cm.
490 1# - MENCIÓN DE SERIE
Mención de serie Alianza tres ;
Designación de volumen o secuencia 55
700 1# - ENTRADA AGREGADA--NOMBRE PERSONAL
Nombre de persona Ripalda, José María.
9 (RLIN) 97416
700 1# - ENTRADA AGREGADA--NOMBRE PERSONAL
Nombre de persona Gregori, A.
9 (RLIN) 59891
830 00 - PUNTO DE ACCESO ADICIONAL DE SERIE-TÍTULO UNIFORME
Título uniforme Alianza tres
Designación de volumen o secuencia 55
9 (RLIN) 177344
852 ## - LOCALIZACIÓN
Ubicación ES-MaACL
Número de control de estantería L-18529
Sublocalización o colección R.124612
Holdings
Estatus retirado Estado de pérdida Estado de daño No para préstamo Biblioteca de origen Biblioteca actual Ubicación en estantería Fecha de adquisición Fuente de adquisición Total de préstamos Signatura topográfica completa Código de barras Visto por última vez Precio de reemplazo Tipo de ítem Koha
        Biblioteca del Ateneo de Madrid Biblioteca del Ateneo de Madrid Depósito 2 17/01/2008     L-18529 1011385 23/02/2023 23/02/2023 Libro impreso